| 000 | 00488nam a2200133 a 4500 | ||
|---|---|---|---|
| 008 | 120416s1978 ||||||||||||||||| || u | ||
| 050 | _aDT 435.5 Ben | ||
| 100 | _aBennett, Norman R | ||
| 245 | 1 | 2 | _aA History of the Arab State of Zanzibar |
| 260 |
_aLondon _bMethuen _c1978 |
||
| 300 | _aiv, 304p. | ||
| 350 | _a0.00 | ||
| 995 |
_D0.00 _FCBU-MAIN LIBRARY (Kitwe) _H1 _I0.00 _M1 _UAVAILABLE _WSep 6, 2006 _ZMain Library Open Access Collection |
||
| 999 |
_c45610 _d45610 |
||